000 00540nam a22001697a 4500
005 20250416121352.0
008 250416b |||||||| |||| 00| 0 eng d
020 _a9781837534715
041 _aeng
082 _a 338.9 BUS
100 _aBustinza, Harold Delfin Angulo
245 _aInternational Trade and Inclusive Economic Growth: A Case Study of Peru and China
260 _aUK
_b Emerald Publishing Limited
_c2024
300 _a116;. pages: 24 cm
650 _aDevelopment Economics; Economic Growth; Economic Policy
942 _cBK
999 _c43619
_d43619